[Event "Turniej Przyjazni Polsko-Wegierskiej"]
[Site "Katowice"]
[Date "2018.05.05"]
[Round "9.17"]
[White "Flis, Jacek"]
[Black "Kuciel, Wladyslaw"]
[Result "1-0"]
[BlackElo "1909"]
[WhiteElo "2164"]
[LiveChessVersion "1.4.8"]

1. e4 {[%clk 0:15:17]} c5 {[%clk 0:15:19]} 2. Nf3 e6 3. d4 {[%clk 0:15:28]} cxd4
{[%clk 0:15:38]} 4. Nxd4 {[%clk 0:15:37]} a6 {[%clk 0:15:47]} 5. Nc3
{[%clk 0:15:08]} Qc7 {[%clk 0:15:56]} 6. g3 {[%clk 0:15:03]} d6 {[%clk 0:15:51]}
7. Bg2 {[%clk 0:15:10]} Nc6 {[%clk 0:15:51]} 8. O-O {[%clk 0:15:15]} Nf6
{[%clk 0:15:43]} 9. h3 {[%clk 0:13:09]} Be7 {[%clk 0:15:43]} 10. Nde2
{[%clk 0:11:09]} O-O {[%clk 0:15:37]} 11. Be3 {[%clk 0:11:12]} Rb8
{[%clk 0:14:35]} 12. f4 {[%clk 0:10:52]} b5 {[%clk 0:14:26]} 13. a3
{[%clk 0:10:47]} Bb7 {[%clk 0:13:58]} 14. g4 {[%clk 0:09:32]} h6 {[%clk 0:13:12]}
15. Ng3 {[%clk 0:09:04]} Nh7 {[%clk 0:12:39]} 16. a4 {[%clk 0:04:09]} b4
{[%clk 0:12:44]} 17. Nce2 {[%clk 0:04:13]} e5 {[%clk 0:10:05]} 18. c4
{[%clk 0:03:39]} exf4 {[%clk 0:09:41]} 19. Nxf4 {[%clk 0:03:28]} Bg5
{[%clk 0:08:46]} 20. Nf5 {[%clk 0:02:56]} Rbd8 {[%clk 0:07:51]} 21. Nd5
{[%clk 0:02:52]} Qd7 {[%clk 0:06:54]} 22. Qd2 {[%clk 0:02:43]} a5
{[%clk 0:06:38]} 23. Bxg5 {[%clk 0:02:37]} Nxg5 {[%clk 0:06:34]} 24. Nxh6+
{[%clk 0:02:34]} Kh8 {[%clk 0:06:32]} 25. Qxg5 {[%clk 0:02:35]} f6
{[%clk 0:06:36]} 26. Qh5 {[%clk 0:02:25]} gxh6 {[%clk 0:06:27]} 27. Qxh6+
{[%clk 0:02:33]} Qh7 {[%clk 0:06:36]} 28. Qxh7+ {[%clk 0:02:29]} Kxh7
{[%clk 0:06:45]} 29. Rxf6 {[%clk 0:02:29]} Ne5 {[%clk 0:06:17]} 30. Raf1
{[%clk 0:02:16]} Rg8 {[%clk 0:05:55]} 31. b3 {[%clk 0:02:09]} Bc8
{[%clk 0:05:26]} 32. Ne7 {[%clk 0:01:57]} Rg7 {[%clk 0:05:15]} 33. Nxc8
{[%clk 0:02:03]} Rxc8 {[%clk 0:05:25]} 34. Rxd6 {[%clk 0:02:09]} Rcc7
{[%clk 0:04:51]} 35. Rd5 {[%clk 0:02:14]} Nc6 {[%clk 0:04:42]} 36. Rf6
{[%clk 0:02:12]} Ne7 {[%clk 0:04:31]} 37. Rxa5 Rd7 38. e5 {[%clk 0:02:14]} Rg5
{[%clk 0:04:28]} 39. Kh2 {[%clk 0:02:03]} Kg7 {[%clk 0:04:25]} 40. Rb5
{[%clk 0:01:57]} Rd2 {[%clk 0:04:12]} 41. Rd6 {[%clk 0:01:59]} Re2
{[%clk 0:04:15]} 42. Rb7 {[%clk 0:01:52]} Rgxe5 {[%clk 0:04:12]} 43. Rdd7
{[%clk 0:01:39]} Kf6 {[%clk 0:04:10]} 44. Rxb4 {[%clk 0:01:35]} Ng6
{[%clk 0:04:16]} 45. Rb6+ {[%clk 0:01:42]} Kg5 {[%clk 0:04:25]} 46. Rg7
{[%clk 0:01:50]} Re6 {[%clk 0:04:10]} 47. Rxe6 {[%clk 0:01:58]} Rxe6
{[%clk 0:04:19]} 48. Bd5 {[%clk 0:01:58]} Re3 {[%clk 0:04:18]} 49. Bf7
{[%clk 0:01:59]} Kh4 {[%clk 0:04:18]} 50. Rxg6 {[%clk 0:01:56]} Rxh3+
{[%clk 0:04:26]} 51. Kg1 {[%clk 0:01:59]} Rxb3 {[%clk 0:04:32]} 52. Rd6
{[%clk 0:01:59]} Kg3 {[%clk 0:04:28]} 53. Kf1 {[%clk 0:02:06]} Ra3
{[%clk 0:04:14]} 54. g5 {[%clk 0:02:11]} Rxa4 {[%clk 0:04:23]} 55. Rd3+
{[%clk 0:02:16]} Kf4 {[%clk 0:04:30]} 56. g6 {[%clk 0:02:23]} Ra1+
{[%clk 0:04:37]} 57. Ke2 {[%clk 0:02:31]} Rg1 {[%clk 0:04:44]} 58. Kf2
{[%clk 0:02:33]} Rg5 {[%clk 0:04:49]} 59. Rf3+ {[%clk 0:02:40]} 1-0

[Event "Turniej Przyjazni Polsko-Wegierskiej"]
[Site "Katowice"]
[Date "2018.05.05"]
[Round "9.18"]
[White "Kruszynski, Wlodzimierz"]
[Black "Marczak, Szymon"]
[Result "1-0"]
[BlackElo "1687"]
[WhiteElo "2143"]
[LiveChessVersion "1.4.8"]

1. e4 {[%clk 0:15:19]} c5 {[%clk 0:15:19]} 2. Nf3 {[%clk 0:15:27]} e6
{[%clk 0:15:28]} 3. d4 {[%clk 0:15:27]} cxd4 {[%clk 0:15:37]} 4. Nxd4
{[%clk 0:15:36]} Nc6 {[%clk 0:15:46]} 5. Nb5 {[%clk 0:15:40]} d6 {[%clk 0:15:47]}
6. c4 {[%clk 0:15:49]} Nf6 {[%clk 0:15:53]} 7. N1c3 {[%clk 0:15:57]} a6
{[%clk 0:16:00]} 8. Na3 {[%clk 0:16:06]} Be7 {[%clk 0:15:55]} 9. Be2
{[%clk 0:16:15]} O-O {[%clk 0:16:03]} 10. O-O {[%clk 0:16:23]} b6
{[%clk 0:14:58]} 11. Be3 {[%clk 0:16:27]} Bb7 {[%clk 0:15:01]} 12. Rc1
{[%clk 0:16:18]} Rc8 {[%clk 0:14:26]} 13. Qd2 {[%clk 0:16:14]} Ne5
{[%clk 0:12:41]} 14. f3 {[%clk 0:16:22]} d5 {[%clk 0:11:17]} 15. exd5
{[%clk 0:08:35]} exd5 {[%clk 0:11:23]} 16. Nxd5 {[%clk 0:08:17]} Nxd5
{[%clk 0:10:01]} 17. cxd5 {[%clk 0:08:23]} Bxa3 {[%clk 0:08:59]} 18. bxa3
{[%clk 0:08:22]} Rxc1 {[%clk 0:06:28]} 19. Rxc1 {[%clk 0:07:49]} b5
{[%clk 0:05:13]} 20. d6 {[%clk 0:05:48]} f5 {[%clk 0:03:31]} 21. Bg5
{[%clk 0:03:33]} Qb6+ {[%clk 0:03:12]} 22. Kh1 {[%clk 0:03:24]} Nf7
{[%clk 0:02:43]} 23. Be7 {[%clk 0:03:24]} Rc8 {[%clk 0:02:22]} 24. Rxc8+
{[%clk 0:02:33]} Bxc8 {[%clk 0:02:31]} 25. d7 {[%clk 0:02:42]} Bb7
{[%clk 0:01:57]} 26. d8=Q+ {[%clk 0:02:46]} Nxd8 {[%clk 0:02:05]} 27. Qxd8+
{[%clk 0:02:54]} Qxd8 {[%clk 0:02:14]} 28. Bxd8 {[%clk 0:03:03]} Bd5
{[%clk 0:02:21]} 29. Kg1 {[%clk 0:02:56]} Bxa2 {[%clk 0:02:30]} 30. Kf2
{[%clk 0:03:05]} Kf7 {[%clk 0:02:39]} 31. Ke3 {[%clk 0:03:13]} Ke6
{[%clk 0:02:41]} 32. Kd4 {[%clk 0:03:20]} Kd6 {[%clk 0:02:45]} 33. Bd3
{[%clk 0:03:21]} g6 {[%clk 0:02:53]} 34. Ba5 {[%clk 0:03:23]} Kc6
{[%clk 0:02:31]} 35. f4 {[%clk 0:03:23]} Kd6 {[%clk 0:02:39]} 36. Be2
{[%clk 0:03:26]} h6 {[%clk 0:02:26]} 37. Bf3 {[%clk 0:03:31]} g5 {[%clk 0:02:30]}
38. g3 {[%clk 0:03:37]} gxf4 {[%clk 0:02:20]} 39. gxf4 {[%clk 0:03:46]} Bc4
{[%clk 0:02:14]} 40. Bb7 {[%clk 0:03:49]} Bf1 {[%clk 0:02:16]} 41. Bxa6
{[%clk 0:03:41]} Kc6 {[%clk 0:02:25]} 42. Bc8 {[%clk 0:03:47]} Bh3
{[%clk 0:02:33]} 43. Bb4 {[%clk 0:03:52]} 1-0

[Event "Turniej Przyjazni Polsko-Wegierskiej"]
[Site "Katowice"]
[Date "2018.05.05"]
[Round "9.19"]
[White "Acs, Gabor"]
[Black "Chylewski, Patryk"]
[Result "0-1"]
[BlackElo "2128"]
[WhiteElo "2012"]
[LiveChessVersion "1.4.8"]

1. e4 {[%clk 0:15:17]} c5 {[%clk 0:15:19]} 2. c3 {[%clk 0:15:26]} d5
{[%clk 0:15:24]} 3. exd5 {[%clk 0:15:35]} Qxd5 {[%clk 0:15:32]} 4. d4
{[%clk 0:15:43]} Nc6 {[%clk 0:15:40]} 5. dxc5 {[%clk 0:15:51]} Qxd1+
{[%clk 0:15:46]} 6. Kxd1 {[%clk 0:16:00]} Nf6 {[%clk 0:15:35]} 7. Nf3
{[%clk 0:15:56]} Bg4 {[%clk 0:15:33]} 8. Be3 {[%clk 0:15:31]} e5 {[%clk 0:13:54]}
9. b4 {[%clk 0:15:33]} e4 {[%clk 0:13:31]} 10. h3 {[%clk 0:15:42]} Bh5
{[%clk 0:13:31]} 11. g4 {[%clk 0:15:50]} Nxg4 {[%clk 0:13:29]} 12. hxg4
{[%clk 0:15:59]} Bxg4 {[%clk 0:13:37]} 13. Be2 {[%clk 0:15:43]} exf3
{[%clk 0:13:09]} 14. Bb5 {[%clk 0:14:38]} Be7 {[%clk 0:12:00]} 15. Nd2
{[%clk 0:13:57]} O-O {[%clk 0:10:29]} 16. Bxc6 {[%clk 0:13:53]} bxc6
{[%clk 0:10:38]} 17. Kc2 {[%clk 0:14:02]} h5 {[%clk 0:10:01]} 18. Nc4
{[%clk 0:13:37]} Bf6 {[%clk 0:09:33]} 19. Na5 {[%clk 0:12:23]} Rac8
{[%clk 0:09:40]} 20. Rad1 {[%clk 0:12:23]} Be5 {[%clk 0:09:22]} 21. Nc4
{[%clk 0:12:00]} Bc7 {[%clk 0:09:18]} 22. a4 {[%clk 0:11:58]} a6 {[%clk 0:09:16]}
23. Nd6 {[%clk 0:11:54]} Rb8 {[%clk 0:08:26]} 24. Rd4 {[%clk 0:11:39]} f6
{[%clk 0:08:00]} 25. Bf4 {[%clk 0:11:22]} g5 {[%clk 0:07:04]} 26. Bh2
{[%clk 0:11:01]} Rfd8 {[%clk 0:05:16]} 27. Re1 {[%clk 0:11:03]} Rd7
{[%clk 0:05:23]} 28. Kb3 {[%clk 0:07:45]} Kg7 {[%clk 0:03:32]} 29. c4
{[%clk 0:02:13]} Kg6 {[%clk 0:02:06]} 30. Rde4 {[%clk 0:01:47]} Bf5
{[%clk 0:00:38]} 31. Re7 {[%clk 0:01:54]} Rbd8 {[%clk 0:00:13]} 32. Rxd7
{[%clk 0:02:02]} Rxd7 {[%clk 0:00:21]} 33. b5 {[%clk 0:02:12]} axb5
{[%clk 0:00:28]} 34. cxb5 {[%clk 0:02:18]} cxb5 {[%clk 0:00:35]} 35. axb5
{[%clk 0:02:26]} h4 {[%clk 0:00:40]} 36. b6 {[%clk 0:02:03]} Bxd6
{[%clk 0:00:24]} 37. Bxd6 {[%clk 0:02:10]} g4 {[%clk 0:00:32]} 38. Kb4
{[%clk 0:01:27]} g3 {[%clk 0:00:25]} 39. fxg3 {[%clk 0:01:32]} Bh3
{[%clk 0:00:26]} 40. c6 {[%clk 0:00:22]} Rxd6 {[%clk 0:00:35]} 41. b7
{[%clk 0:00:30]} f2 {[%clk 0:00:29]} 42. Rb1 0-1

[Event "Turniej Przyjazni Polsko-Wegierskiej"]
[Site "Katowice"]
[Date "2018.05.05"]
[Round "9.20"]
[White "Bednarek, Sylwester"]
[Black "Kubicka, Anna"]
[Result "1-0"]
[BlackElo "2058"]
[WhiteElo "2343"]
[LiveChessVersion "1.4.8"]

1. d4 {[%clk 0:15:18]} Nf6 {[%clk 0:15:19]} 2. Bg5 {[%clk 0:15:26]} d5
{[%clk 0:15:27]} 3. Bxf6 {[%clk 0:15:34]} gxf6 {[%clk 0:15:35]} 4. e3
{[%clk 0:15:26]} c5 {[%clk 0:15:43]} 5. Nc3 {[%clk 0:15:33]} e6 {[%clk 0:15:47]}
6. g3 {[%clk 0:15:35]} Nc6 {[%clk 0:15:54]} 7. Nge2 {[%clk 0:15:37]} a6
{[%clk 0:15:56]} 8. Bg2 {[%clk 0:15:44]} Bd7 {[%clk 0:15:46]} 9. O-O
{[%clk 0:15:50]} Qc7 {[%clk 0:15:28]} 10. e4 {[%clk 0:15:32]} cxd4
{[%clk 0:14:57]} 11. exd5 {[%clk 0:15:28]} dxc3 {[%clk 0:14:56]} 12. dxc6
{[%clk 0:15:36]} Bxc6 {[%clk 0:15:01]} 13. Bxc6+ {[%clk 0:15:40]} Qxc6
{[%clk 0:15:09]} 14. Nxc3 {[%clk 0:15:42]} Bd6 {[%clk 0:14:48]} 15. Qh5
{[%clk 0:13:37]} Be5 {[%clk 0:14:49]} 16. Rad1 {[%clk 0:13:45]} Bxc3
{[%clk 0:14:02]} 17. bxc3 {[%clk 0:13:53]} Ke7 {[%clk 0:13:49]} 18. Rd3
{[%clk 0:13:56]} Rad8 {[%clk 0:13:50]} 19. Rfd1 {[%clk 0:14:04]} Rxd3
{[%clk 0:13:42]} 20. Rxd3 {[%clk 0:14:12]} Qb6 {[%clk 0:12:34]} 21. a4
{[%clk 0:13:51]} h6 {[%clk 0:11:28]} 22. h4 {[%clk 0:13:28]} f5 {[%clk 0:08:40]}
23. Qd1 {[%clk 0:10:49]} Qc6 {[%clk 0:06:07]} 24. Qb1 {[%clk 0:10:44]} a5
{[%clk 0:05:44]} 25. c4 {[%clk 0:10:37]} Rd8 {[%clk 0:04:27]} 26. Qd1
{[%clk 0:07:28]} Rd7 {[%clk 0:03:26]} 27. Qd2 {[%clk 0:05:33]} Rxd3
{[%clk 0:02:47]} 28. cxd3 {[%clk 0:05:39]} Qxa4 {[%clk 0:02:56]} 29. Kh2
{[%clk 0:05:36]} Qa1 {[%clk 0:01:38]} 30. d4 {[%clk 0:04:11]} a4 {[%clk 0:01:34]}
31. d5 {[%clk 0:04:07]} a3 {[%clk 0:01:23]} 32. dxe6 {[%clk 0:03:58]} fxe6
{[%clk 0:01:18]} 33. Qb4+ {[%clk 0:03:59]} Kf7 {[%clk 0:00:59]} 34. Qxb7+
{[%clk 0:04:07]} Kg6 {[%clk 0:01:05]} 35. h5+ {[%clk 0:03:59]} Kxh5
{[%clk 0:00:31]} 36. Qf7+ {[%clk 0:03:58]} Kg5 {[%clk 0:00:35]} 37. Qg8+
{[%clk 0:03:54]} Kh5 {[%clk 0:00:36]} 38. Qxe6 {[%clk 0:03:32]} Qb1
{[%clk 0:00:15]} 39. Qe8+ {[%clk 0:03:12]} Kg4 {[%clk 0:00:23]} 40. Qe2+
{[%clk 0:03:14]} Kg5 {[%clk 0:00:31]} 41. Qe3+ {[%clk 0:03:21]} Kg6
{[%clk 0:00:28]} 42. Qxa3 {[%clk 0:03:28]} Qc2 {[%clk 0:00:46]} 43. Qd6+
{[%clk 0:03:34]} Kg5 {[%clk 0:00:47]} 44. Qf4+ {[%clk 0:03:33]} Kg6
{[%clk 0:00:56]} 45. Qd4 {[%clk 0:03:38]} h5 {[%clk 0:00:57]} 46. c5
{[%clk 0:03:00]} Kg5 {[%clk 0:00:59]} 47. Kg2 {[%clk 0:03:03]} Kg6
{[%clk 0:01:03]} 48. Qd6+ {[%clk 0:02:56]} Kg5 {[%clk 0:01:13]} 49. Qe5
{[%clk 0:03:04]} Kg6 {[%clk 0:01:05]} 50. Qe6+ {[%clk 0:03:04]} Kg5
{[%clk 0:01:14]} 51. c6 {[%clk 0:03:12]} h4 {[%clk 0:01:01]} 52. Qg8+
{[%clk 0:02:15]} Kf6 {[%clk 0:01:02]} 53. Qd8+ {[%clk 0:02:05]} Kg6
{[%clk 0:00:56]} 54. Qe8+ {[%clk 0:01:58]} Kg5 {[%clk 0:00:59]} 55. Qe7+
{[%clk 0:01:59]} Kg6 {[%clk 0:01:04]} 56. c7 {[%clk 0:01:48]} hxg3
{[%clk 0:00:30]} 57. Qd6+ {[%clk 0:01:45]} Kh7 {[%clk 0:00:32]} 58. Qxg3
{[%clk 0:01:32]} Qe4+ {[%clk 0:00:35]} 59. Kh2 {[%clk 0:01:23]} Qe6
{[%clk 0:00:28]} 60. Qc3 {[%clk 0:00:59]} Qd6+ {[%clk 0:00:24]} 61. Kg2
{[%clk 0:01:01]} Qg6+ {[%clk 0:00:18]} 62. Kf1 {[%clk 0:00:56]} Qa6+
{[%clk 0:00:26]} 63. Ke1 {[%clk 0:01:02]} Qe6+ {[%clk 0:00:32]} 64. Qe3
{[%clk 0:00:58]} Qc6 {[%clk 0:00:18]} 65. Qe7+ {[%clk 0:01:01]} Kg6
{[%clk 0:00:25]} 66. Qe5 {[%clk 0:00:50]} Qc1+ {[%clk 0:00:31]} 67. Ke2
{[%clk 0:00:59]} Qc2+ {[%clk 0:00:39]} 68. Kf1 {[%clk 0:01:07]} Qc1+
{[%clk 0:00:28]} 69. Kg2 {[%clk 0:01:15]} Qc6+ {[%clk 0:00:36]} 70. Kh2
{[%clk 0:01:18]} Qd7 {[%clk 0:00:21]} 71. Qc5 {[%clk 0:01:17]} Qc8
{[%clk 0:00:22]} 72. Qd6+ {[%clk 0:01:21]} Kh5 {[%clk 0:00:21]} 73. Qd8
{[%clk 0:01:12]} Qe6 {[%clk 0:00:28]} 74. Qh8+ {[%clk 0:01:16]} Kg6
{[%clk 0:00:33]} 75. c8=Q {[%clk 0:01:06]} Qd6+ {[%clk 0:00:37]} 76. Kg2
{[%clk 0:01:05]} Qd5+ {[%clk 0:00:46]} 77. Kg3 {[%clk 0:01:05]} Qd6+
{[%clk 0:00:49]} 78. Kf3 {[%clk 0:00:55]} Qd3+ {[%clk 0:00:57]} 79. Kg2
{[%clk 0:00:50]} Qd5+ {[%clk 0:01:04]} 80. f3 {[%clk 0:00:49]} Qd2+
{[%clk 0:01:11]} 81. Kh3 {[%clk 0:00:58]} 1-0